[Event "Baltic Zonal III Stage 2018"]
[Site "Liepaja"]
[Date "2018.07.10"]
[Round "3"]
[White "Malisauskas, Vidmantas"]
[Black "Seeman, Tarvo"]
[Result "1-0"]
[WhiteElo "2432"]
[BlackElo "2414"]
[Annotator "TA"]
[PlyCount "75"]
[EventDate "2018.07.09"]
[EventType "swiss"]
[EventCountry "LAT"]
[SourceTitle "playchess.com"]
[Source "ChessBase"]
[SourceQuality "1"]

{[%evp 20,75,39,31,31,-14,-6,-17,-10,-61,0,0,0,0,0,0,25,25,25,25,19,11,59,59,66,22,66,73,73,66,60,56,118,0,0,0,0,0,8,39,8,9,910,779,788,772,940,891,1072,864,1085,912,889,885,609,500,12827,10050]} 1. Nf3 Nf6 2. c4 g6 3. Nc3 Bg7 4. d4 O-O 5. e4 d6 6. h3 e5 7. d5 a5 8. g4 Na6 9. Be3 Nd7 {E90: King's Indian: Classical: Early deviations and 6 h3} (9... Nc5 10. Nd2 c6 11. Be2 a4 12. Qc2 Bd7 13. a3 cxd5 14. exd5 Rc8 15. f3 e4 16. fxe4 Qe7 17. O-O h5 18. g5 Nh7 19. h4 f6 20. Nf3 {½-½ (68) Anton Guijarro,D (2666)-Demchenko,A (2660) Riadh 2017}) 10. h4 Nf6 11. Nh2 $1 {LiveBook: 3 Games} (11. g5 Ng4 $15) 11... Nc5 {White is slightly better.} 12. Bg2 c6 $146 ({Predecessor:} 12... h5 13. g5 Nh7 14. Bf3 a4 15. Nb5 c6 16. Nc3 Qa5 17. Qd2 cxd5 18. Nxd5 {0-1 (67) Acosta,J-Baranov,V ICCF email 2012}) 13. h5 cxd5 {[#] aiming for ...d4.} 14. exd5 (14. h6 $11 Bh8 15. exd5) 14... h6 (14... e4 $1 $15) 15. hxg6 $11 fxg6 16. Qe2 b6 17. O-O-O g5 18. Bxc5 bxc5 19. Be4 Nxe4 20. Nxe4 Rb8 21. Nf1 a4 22. Ne3 Qb6 {...Rf4 would now be nice for Black.} 23. Rd2 Rf4 24. f3 Bd7 25. Rh3 Qa5 (25... a3 $14) 26. Qh2 (26. Nxd6 a3 $17) (26. Ng2 $16) 26... a3 {Hoping for ...axb2+.} 27. b3 Rbf8 $1 28. Qh1 (28. Rxh6 $2 Rxe4 29. Nd1 Rxf3 $19) 28... Be8 29. Nf5 ({But not} 29. Rxh6 $2 Rxe4 30. fxe4 Qc3+ 31. Kd1 Bxh6 $19) 29... R8xf5 $1 30. gxf5 {And now Kc2 would win.} Rxf5 $2 {[%mdl 8192]} (30... Bd7 $11) 31. Rxh6 $18 {White is clearly winning.} Rf4 32. Kc2 Bd7 33. Rg6 {Strongly threatening Qh6.} Rh4 34. Qg2 g4 35. Nf6+ Kf7 {[#]} 36. Rxg7+ $1 {[%mdl 512]} Kxg7 37. Nxd7 Kf7 (37... Qd8 $142 38. Qg3 (38. fxg4 Qxd7 39. Qf3 Rxg4 $11) 38... Qg5) 38. fxg4 {Precision: White = 81%, Black = 31%.} 1-0

[Event "Baltic Zonal III Stage 2018"]
[Site "Liepaja"]
[Date "2018.07.10"]
[Round "3"]
[White "Bernotas, Arturs"]
[Black "Rogule, Laura"]
[Result "1-0"]
[WhiteElo "2413"]
[BlackElo "2320"]
[Annotator "TA"]
[PlyCount "59"]
[EventDate "2018.07.09"]
[EventType "swiss"]
[EventCountry "LAT"]
[SourceTitle "playchess.com"]
[Source "ChessBase"]
[SourceQuality "1"]

{[%evp 15,59,-18,24,22,31,31,32,21,27,5,6,0,49,55,51,11,12,13,18,2,51,29,45,42,101,97,63,-19,79,82,193,180,395,393,387,377,710,711,29992,29993,29993,1055,5281,5273,1997,1834]} 1. e4 c5 2. Nf3 Nc6 3. Bb5 g6 4. O-O Bg7 5. c3 Nf6 6. Re1 O-O 7. h3 a6 8. Bf1 b5 {[%cal Bb7b5,Bb5b4][%mdl 32] LiveBook: 3 Games. B31: Sicilian: 2...Nc6 3 Bb5 g6} (8... e5 9. a4 d5 10. exd5 Nxd5 11. d3 Re8 12. Nbd2 h6 13. Nc4 b6 14. Bd2 Bf5 15. g4 Bc8 16. Bg2 Rb8 {½-½ (123) Dzhumaev,M (2554)-Wan,Y (2497) Chennai 2013}) 9. d4 d5 10. e5 Ne4 {White is slightly better.} 11. Nbd2 $146 ({Predecessor:} 11. a4 b4 12. cxb4 cxd4 13. Nxd4 Nxb4 14. Bf4 Qb6 15. a5 Qc5 {½-½ (15) Garcia Martinez,S (2379)-Plaza Pardo,D (2066) Mislata 2004}) 11... Bf5 12. g4 Be6 13. Bg2 b4 14. Nxe4 dxe4 15. Rxe4 Bd5 16. Re1 cxd4 17. cxd4 f6 18. exf6 Rxf6 19. Bg5 Rxf3 (19... Rf8 $14) 20. Bxf3 $16 {Black must now prevent Bxe7!} Nxd4 21. Be2 (21. Be4 $14 Bxe4 22. Rxe4) 21... Kh8 (21... Qd6 $11 {remains equal.}) 22. Be3 $1 {[%cal Re3d4]} Nxe2+ (22... Qb6 $16 {was called for.}) 23. Qxe2 Bb7 $2 (23... e6 24. Rad1 Qh4) 24. Rad1 $18 Qc7 25. Bd4 Qc6 $2 (25... Re8 26. Qe6 Qc6 27. Qxc6 Bxc6 28. Bxg7+ Kxg7) 26. Bxg7+ Kxg7 27. Qxe7+ Kh6 {[#]} 28. Qh4+ (28. Re4 $142 $1 {[%mdl 512]} Qc5 (28... Qxe4 29. Qh4+) 29. Qxc5 Bxe4 30. Rd7 Bf5 {[#]} 31. g5+ $1 {[%mdl 512]} Kh5 32. Rxh7+ Kxg5 33. Qe7+ Kf4 34. Qe3#) 28... Kg7 29. Rd7+ Qxd7 30. Re7+ {Precision: White = 55%, Black = 33%.} 1-0

[Event "Baltic Zonal III Stage 2018"]
[Site "Liepaja"]
[Date "2018.07.10"]
[Round "3"]
[White "Samolins, Vitalijs"]
[Black "Ladva, Ottomar"]
[Result "0-1"]
[WhiteElo "2400"]
[BlackElo "2498"]
[Annotator "ChessBase"]
[PlyCount "94"]
[EventDate "2018.07.09"]
[EventType "swiss"]
[EventCountry "LAT"]
[SourceTitle "playchess.com"]
[Source "ChessBase"]
[SourceQuality "1"]
[TimeControl "5400+30"]

1. e4 {[%emt 0:00:00]} c5 {[%emt 0:00:36]} 2. Nf3 {[%emt 0:00:49]} e6 {[%emt 0:00:07]} 3. c3 {[%emt 0:00:30]} d5 {[%emt 0:00:06]} 4. exd5 {[%emt 0:00:14]} Qxd5 {[%emt 0:00:02]} 5. d4 {[%emt 0:00:13]} cxd4 {[%emt 0:00:19]} 6. Qxd4 {[%emt 0:07:53]} Nf6 {[%emt 0:02:25]} 7. Qxd5 {[%emt 0:07:07]} Nxd5 {[%emt 0:00:10]} 8. Nbd2 {[%emt 0:00:36]} Be7 {[%emt 0:02:09]} 9. Bc4 {[%emt 0:03:18]} Nb6 {[%emt 0:04:38]} 10. Bb3 {[%emt 0:04:25]} Nc6 {[%emt 0:09:37]} 11. Nc4 {[%emt 0:05:41]} Nxc4 {[%emt 0:01:08]} 12. Bxc4 {[%emt 0:00:05]} e5 {[%emt 0:11:46]} 13. Be3 {[%emt 0:03:55]} f6 {[%emt 0:07:58]} 14. O-O-O {[%emt 0:01:04]} Bd7 {[%emt 0:05:08]} 15. Nd2 {[%emt 0:09:15]} O-O-O {[%emt 0:01:53]} 16. Ne4 {[%emt 0:03:14]} Na5 {[%emt 0:09:24]} 17. Bd5 {[%emt 0:17:36]} b6 {[%emt 0:00:16]} 18. b4 {[%emt 0:02:25]} Nb7 {[%emt 0:04:01]} 19. f4 {[%emt 0:06:30]} f5 {[%emt 0:06:27]} 20. Nd2 {[%emt 0:10:11]} Ba4 {[%emt 0:05:20]} 21. Nb3 {[%emt 0:00:24]} Bd6 {[%emt 0:02:17]} 22. Be6+ {[%emt 0:02:46]} Bd7 {[%emt 0:02:55]} 23. fxe5 {[%emt 0:01:33]} Bxe6 {[%emt 0:00:16]} 24. exd6 {[%emt 0:00:03]} Nxd6 {[%emt 0:01:36]} 25. Rhe1 {[%emt 0:02:33]} Ne4 {[%emt 0:01:44]} 26. Bd4 {[%emt 0:00:08]} Rhe8 {[%emt 0:02:49]} 27. Nd2 {[%emt 0:02:08]} Bxa2 {[%emt 0:01:22]} 28. Nxe4 {[%emt 0:00:19]} fxe4 {[%emt 0:01:21]} 29. Bxg7 {[%emt 0:00:18]} Rxd1+ {[%emt 0:02:49]} 30. Kxd1 {[%emt 0:00:25]} e3 {[%emt 0:00:06]} 31. Bd4 {[%emt 0:04:37]} Bb3+ {[%emt 0:00:08]} 32. Ke2 {[%emt 0:00:39]} Bc4+ {[%emt 0:00:03]} 33. Kd1 {[%emt 0:01:21]} e2+ {[%emt 0:00:04]} 34. Kd2 {[%emt 0:00:01]} Rf8 {[%emt 0:02:41]} 35. Be3 {[%emt 0:01:00]} a5 {[%emt 0:02:08]} 36. bxa5 {[%emt 0:01:28]} bxa5 {[%emt 0:00:02]} 37. Bg5 {[%emt 0:02:03]} Kd7 {[%emt 0:02:54]} 38. Bh4 {[%emt 0:00:21]} Rf1 {[%emt 0:00:51]} 39. Kc2 {[%emt 0:00:31]} Kc6 {[%emt 0:00:56]} 40. Kb2 {[%emt 0:00:29]} a4 {[%emt 0:00:43]} 41. Ka3 {[%emt 0:01:13]} Kb5 {[%emt 0:00:04]} 42. Bg3 {[%emt 0:00:07]} Bd3 {[%emt 0:00:27]} 43. h4 {[%emt 0:01:28]} h5 {[%emt 0:00:09]} 44. Kb2 {[%emt 0:00:09]} Kc4 {[%emt 0:00:06]} 45. Ka3 {[%emt 0:00:53]} Kxc3 {[%emt 0:00:11]} 46. Bc7 {[%emt 0:00:13]} Rxe1 {[%emt 0:00:14]} 47. Ba5+ {[%emt 0:00:03]} Kc2 {[%emt 0:00:04]} 0-1

[Event "Baltic Zonal III Stage 2018"]
[Site "Liepaja"]
[Date "2018.07.10"]
[Round "3"]
[White "Sirosh, Ilja"]
[Black "Meskovs, Nikita"]
[Result "1-0"]
[WhiteElo "2339"]
[BlackElo "2540"]
[Annotator "ChessBase"]
[PlyCount "43"]
[EventDate "2018.07.09"]
[EventType "swiss"]
[EventCountry "LAT"]
[SourceTitle "playchess.com"]
[Source "ChessBase"]
[SourceQuality "1"]
[TimeControl "5400+30"]

1. d4 {[%emt 0:00:00]} Nf6 {[%emt 0:00:26]} 2. c4 {[%emt 0:00:00]} g6 {[%emt 0:00:40]} 3. g3 {[%emt 0:00:00]} Bg7 {[%emt 0:00:53]} 4. Bg2 {[%emt 0:00:00]} O-O {[%emt 0:00:35]} 5. Nc3 {[%emt 0:00:02]} d6 {[%emt 0:00:23]} 6. Nf3 {[%emt 0:00:10]} c6 {[%emt 0:01:39]} 7. O-O {[%emt 0:00:10]} Na6 {[%emt 0:00:54]} 8. e4 {[%emt 0:04:38]} Bg4 {[%emt 0:00:23]} 9. h3 {[%emt 0:01:03]} Bxf3 {[%emt 0:00:06]} 10. Bxf3 {[%emt 0:00:13]} e5 {[%emt 0:00:50]} 11. d5 {[%emt 0:01:15]} Qb6 {[%emt 0:20:12]} 12. Rb1 {[%emt 0:04:00]} c5 {[%emt 0:17:59]} 13. a3 {[%emt 0:05:32]} Nd7 {[%emt 0:02:07]} 14. Bg2 {[%emt 0:05:06]} f5 {[%emt 0:04:15]} 15. exf5 {[%emt 0:07:51]} gxf5 {[%emt 0:00:29]} 16. g4 {[%emt 0:00:12]} e4 {[%emt 0:20:13]} 17. gxf5 {[%emt 0:02:23]} Ne5 {[%emt 0:02:38]} 18. Nxe4 {[%emt 0:01:44]} Rxf5 {[%emt 0:02:39]} 19. Ng5 {[%emt 0:05:07]} Qd8 {[%emt 0:08:42]} 20. Ne6 {[%emt 0:04:29]} Qf6 {[%emt 0:07:01]} 21. f4 {[%emt 0:06:14]} Nxc4 {[%emt 0:04:03]} 22. b3 {[%emt 0:01:52]} 1-0

[Event "Baltic Zonal III Stage 2018"]
[Site "Liepaja"]
[Date "2018.07.10"]
[Round "3"]
[White "Chukavin, Kirill"]
[Black "Klabis, Rokas"]
[Result "0-1"]
[WhiteElo "2303"]
[BlackElo "2347"]
[Annotator "NA"]
[PlyCount "28"]
[EventDate "2018.07.09"]
[EventType "swiss"]
[EventCountry "LAT"]
[SourceTitle "playchess.com"]
[Source "ChessBase"]
[SourceQuality "1"]
[TimeControl "5400+30"]

1. e4 {[%emt 0:00:00]} e5 {[%emt 0:00:00]} 2. Nf3 {[%emt 0:00:00]} Nc6 {[%emt 0:00:00]} 3. Bb5 {[%emt 0:00:00]} Bc5 {[%emt 0:00:00]} 4. c3 {[%emt 0:04:43]} Nge7 {[%emt 0:00:06]} 5. O-O {[%emt 0:10:53]} Bb6 {[%emt 0:04:52]} 6. d4 {[%emt 0:03:30]} exd4 {[%emt 0:00:20]} 7. cxd4 {[%emt 0:00:49]} d5 {[%emt 0:00:38]} 8. exd5 {[%emt 0:07:37]} Nxd5 {[%emt 0:00:04]} 9. Re1+ {[%emt 0:04:18]} Be6 {[%emt 0:00:28]} 10. Bxc6+ {[%emt 0:07:19]} bxc6 {[%emt 0:00:03]} 11. Ng5 {[%emt 0:01:40]} O-O {[%emt 0:00:56]} 12. Qc2 {[%emt 0:03:29]} Nf6 {[%emt 0:06:20]} 13. Rxe6 {[%emt 0:14:05]} fxe6 {[%emt 0:00:29]} 14. Nxe6 {[%emt 0:00:07]} Re8 {[%emt 0:00:55]} 0-1

[Event "Baltic Zonal III Stage 2018"]
[Site "Liepaja"]
[Date "2018.07.10"]
[Round "3"]
[White "Haavamae, Henrik"]
[Black "Berzinsh, Roland"]
[Result "0-1"]
[WhiteElo "2185"]
[BlackElo "2410"]
[Annotator "NA"]
[PlyCount "86"]
[EventDate "2018.07.09"]
[EventType "swiss"]
[EventCountry "LAT"]
[SourceTitle "playchess.com"]
[Source "ChessBase"]
[SourceQuality "1"]
[TimeControl "5400+30"]

1. e4 {[%emt 0:00:00]} e5 {[%emt 0:02:17]} 2. Nf3 {[%emt 0:01:31]} Nc6 {[%emt 0:00:36]} 3. Bb5 {[%emt 0:00:15]} Nge7 {[%emt 0:00:20]} 4. O-O {[%emt 0:00:51]} g6 {[%emt 0:00:18]} 5. Nc3 {[%emt 0:11:27]} (5. c3 $14) 5... Bg7 $11 {[%emt 0:00:24] LiveBook: 15 Games} 6. a3 {[%emt 0:04:13]} O-O {[%emt 0:00:24]} 7. Bc4 {[%emt 0:02:47]} d6 {[%emt 0:07:59]} 8. d3 {[%emt 0:02:30]} h6 {[%emt 0:00:10]} 9. Be3 {[%emt 0:06:01]} Nd4 {[%emt 0:00:21]} 10. h3 {[%emt 0:10:09]} c6 {[%emt 0:08:08]} 11. Bxd4 {[%emt 0:04:06]} exd4 {[%emt 0:00:17]} 12. Ne2 {[%emt 0:00:05]} d5 {[%emt 0:02:59]} 13. exd5 {[%emt 0:02:48]} Nxd5 {[%emt 0:00:17]} 14. Nfxd4 {[%emt 0:06:48]} Qb6 {[%emt 0:25:33]} 15. c3 {[%emt 0:03:46]} Qxb2 {[%emt 0:01:17]} 16. Bxd5 {[%emt 0:02:34]} cxd5 {[%emt 0:00:20]} 17. Qb3 {[%emt 0:02:14]} Qxb3 {[%emt 0:01:40]} 18. Nxb3 {[%emt 0:01:24]} Bf5 {[%emt 0:00:06]} 19. d4 {[%emt 0:02:12]} Rfc8 {[%emt 0:02:05]} 20. Rfc1 {[%emt 0:01:59]} g5 {[%emt 0:02:58]} 21. f4 {[%emt 0:11:57]} Rc7 {[%emt 0:03:20]} 22. Nc5 {[%emt 0:10:42]} Re8 {[%emt 0:13:08]} 23. Ng3 {[%emt 0:01:56]} Bg6 {[%emt 0:05:24]} 24. f5 {[%emt 0:00:25]} Bh7 {[%emt 0:00:05]} 25. Re1 {[%emt 0:06:40]} Rec8 {[%emt 0:00:17]} 26. Rac1 {[%emt 0:00:29]} b6 {[%emt 0:00:48]} 27. Nd3 {[%emt 0:02:20]} Rxc3 {[%emt 0:01:17]} 28. Rxc3 {[%emt 0:00:08]} Bxd4+ {[%emt 0:02:07]} 29. Kh2 {[%emt 0:00:33]} Bxc3 {[%emt 0:00:09]} 30. Re7 {[%emt 0:00:53]} a5 {[%emt 0:00:15]} 31. Rd7 {[%emt 0:00:32]} h5 {[%emt 0:09:21]} 32. Rxd5 {[%emt 0:00:14]} h4 {[%emt 0:00:05]} 33. Ne4 {[%emt 0:00:41]} f6 {[%emt 0:01:16]} 34. g4 {[%emt 0:00:18]} hxg3+ {[%emt 0:00:31]} 35. Kxg3 {[%emt 0:00:30]} Ba1 {[%emt 0:01:41]} 36. Kg4 {[%emt 0:01:01]} Rc4 {[%emt 0:04:06]} 37. Ndf2 {[%emt 0:00:15]} Be5 {[%emt 0:01:36]} 38. Rd8+ {[%emt 0:00:57]} Kg7 {[%emt 0:00:05]} 39. Rd7+ {[%emt 0:00:16]} Kh6 {[%emt 0:00:07]} 40. Rb7 {[%emt 0:01:01]} Ra4 {[%emt 0:01:38]} 41. h4 {[%emt 0:00:23]} gxh4 {[%emt 0:00:07]} 42. Rf7 {[%emt 0:00:31]} h3 {[%emt 0:00:23]} 43. Kxh3 {[%emt 0:00:37]} Bxf5+ {[%emt 0:00:21]} 0-1

[Event "Baltic Zonal III Stage 2018"]
[Site "Liepaja"]
[Date "2018.07.10"]
[Round "3"]
[White "Pedoson, Georg Aleksander"]
[Black "Kantans, Toms"]
[Result "0-1"]
[WhiteElo "2176"]
[BlackElo "2529"]
[Annotator "ChessBase"]
[PlyCount "80"]
[EventDate "2018.07.09"]
[EventType "swiss"]
[EventCountry "LAT"]
[SourceTitle "playchess.com"]
[Source "ChessBase"]
[SourceQuality "1"]
[TimeControl "5400+30"]

1. d4 {[%emt 0:00:00]} Nf6 {[%emt 0:01:47]} 2. c4 {[%emt 0:00:10]} e6 {[%emt 0:00:50]} 3. Nc3 {[%emt 0:00:23]} Bb4 {[%emt 0:00:07]} 4. e3 {[%emt 0:00:09]} b6 {[%emt 0:00:40]} 5. Bd3 {[%emt 0:03:11]} Bb7 {[%emt 0:00:35]} 6. Nf3 {[%emt 0:05:19]} Ne4 {[%emt 0:03:36]} 7. Qc2 {[%emt 0:00:23]} f5 {[%emt 0:00:06]} 8. O-O {[%emt 0:03:28]} Bxc3 {[%emt 0:02:21]} 9. bxc3 {[%emt 0:00:07]} O-O 10. Ne1 {[%emt 0:01:58]} c5 {[%emt 0:08:25]} 11. f3 {[%emt 0:03:40]} Nd6 {[%emt 0:00:15]} 12. Ba3 {[%emt 0:05:56]} Qc7 {[%emt 0:01:29]} 13. e4 {[%emt 0:03:37]} Ba6 {[%emt 0:07:01]} 14. Qe2 {[%emt 0:01:41]} fxe4 {[%emt 0:04:02]} 15. fxe4 {[%emt 0:00:39]} Rxf1+ {[%emt 0:00:05]} 16. Qxf1 {[%emt 0:00:42]} Nc6 {[%emt 0:02:38]} 17. Nf3 {[%emt 0:02:54]} e5 {[%emt 0:07:57]} 18. d5 {[%emt 0:09:03]} Na5 {[%emt 0:00:31]} 19. Nxe5 {[%emt 0:09:02]} Rf8 {[%emt 0:06:05]} 20. Qe2 {[%emt 0:00:25]} Qd8 {[%emt 0:03:15]} 21. Bc1 {[%emt 0:05:03]} Qe8 {[%emt 0:07:15]} 22. Nf3 {[%emt 0:01:35]} Bxc4 {[%emt 0:00:10]} 23. e5 {[%emt 0:01:31]} Qg6 {[%emt 0:02:19]} 24. Bxc4 {[%emt 0:04:39]} Ndxc4 {[%emt 0:00:11]} 25. e6 {[%emt 0:11:47]} dxe6 {[%emt 0:01:12]} 26. dxe6 {[%emt 0:00:04]} Re8 {[%emt 0:00:55]} 27. e7 {[%emt 0:00:13]} h6 {[%emt 0:00:10]} 28. Bd2 {[%emt 0:00:59]} Nxd2 {[%emt 0:00:36]} 29. Nxd2 {[%emt 0:01:14]} Nc6 {[%emt 0:00:26]} 30. Rf1 {[%emt 0:00:15]} Rxe7 {[%emt 0:00:16]} 31. Qf3 {[%emt 0:00:17]} Kh7 {[%emt 0:01:57]} 32. h3 {[%emt 0:02:03]} Re6 {[%emt 0:02:58]} 33. Qd1 {[%emt 0:02:30]} Re3 {[%emt 0:02:09]} 34. Rf3 {[%emt 0:00:37]} Qd3 {[%emt 0:00:08]} 35. Rxe3 {[%emt 0:00:16]} Qxe3+ {[%emt 0:00:05]} 36. Kh1 {[%emt 0:00:07]} Qxc3 {[%emt 0:00:31]} 37. Qb1+ {[%emt 0:00:03]} Kh8 {[%emt 0:00:09]} 38. Ne4 {[%emt 0:00:12]} Qe5 {[%emt 0:00:37]} 39. Qe1 {[%emt 0:00:42]} Nd4 {[%emt 0:01:24]} 40. Qh4 {[%emt 0:00:17]} Kh7 {[%emt 0:00:48]} 0-1

[Event "Baltic Zonal III Stage 2018"]
[Site "Liepaja"]
[Date "2018.07.11"]
[Round "4"]
[White "Kovalenko, Igor"]
[Black "Kulaots, Kaido"]
[Result "1-0"]
[WhiteElo "2624"]
[BlackElo "2555"]
[Annotator "ChessBase"]
[PlyCount "81"]
[EventDate "2018.07.09"]
[EventType "swiss"]
[EventCountry "LAT"]
[SourceTitle "playchess.com"]
[Source "ChessBase"]
[SourceQuality "1"]
[TimeControl "5400+30"]

1. c4 {[%emt 0:00:00]} g6 {[%emt 0:00:32]} 2. Nc3 {[%emt 0:00:27]} c5 {[%emt 0:00:48]} 3. g3 {[%emt 0:00:03]} Bg7 {[%emt 0:00:12]} 4. Bg2 {[%emt 0:00:03]} Nc6 {[%emt 0:00:18]} 5. a3 {[%emt 0:01:19]} d6 {[%emt 0:01:05]} 6. d3 {[%emt 0:02:45]} e6 {[%emt 0:02:48]} 7. Bd2 {[%emt 0:04:02]} Nge7 {[%emt 0:01:12]} 8. Nh3 {[%emt 0:00:06]} e5 {[%emt 0:04:11]} 9. Rb1 {[%emt 0:01:44]} a5 {[%emt 0:06:23]} 10. e3 {[%emt 0:03:32]} h6 {[%emt 0:02:49]} 11. O-O {[%emt 0:00:44]} Bf5 {[%emt 0:05:54]} 12. e4 {[%emt 0:00:11]} Be6 {[%emt 0:00:17]} 13. Nd5 {[%emt 0:02:27]} Nd4 {[%emt 0:03:30]} 14. Bc3 {[%emt 0:13:36]} Nxd5 {[%emt 0:01:00]} 15. cxd5 {[%emt 0:00:36]} Bd7 {[%emt 0:01:00]} 16. Bxd4 {[%emt 0:00:13]} cxd4 {[%emt 0:03:08]} 17. f4 {[%emt 0:02:22]} O-O {[%emt 0:02:38]} 18. Qd2 {[%emt 0:00:42]} Rc8 {[%emt 0:03:03]} 19. f5 {[%emt 0:03:19]} Kh7 {[%emt 0:03:47]} 20. Rf2 {[%emt 0:01:48]} Bf6 {[%emt 0:00:59]} 21. Rbf1 {[%emt 0:01:32]} Ba4 {[%emt 0:09:14]} 22. Kh1 {[%emt 0:07:29]} Kg7 {[%emt 0:02:23]} 23. Bf3 {[%emt 0:00:15]} Rc2 {[%emt 0:07:59]} 24. Qe1 {[%emt 0:00:04]} Qc7 {[%emt 0:07:23]} 25. Bd1 {[%emt 0:01:20]} Rc1 {[%emt 0:01:15]} 26. Qe2 {[%emt 0:02:07]} Bxd1 {[%emt 0:01:42]} 27. Rxd1 {[%emt 0:00:02]} Rc8 {[%emt 0:01:00]} 28. Kg2 {[%emt 0:06:22]} Rc2 {[%emt 0:03:24]} 29. Rd2 {[%emt 0:03:55]} Rxd2 {[%emt 0:02:10]} 30. Qxd2 {[%emt 0:00:03]} a4 {[%emt 0:01:41]} 31. Qe2 {[%emt 0:05:11]} h5 {[%emt 0:07:56]} 32. Qf3 {[%emt 0:00:23]} Qe7 {[%emt 0:00:23]} 33. Qd1 {[%emt 0:00:27]} Qd7 {[%emt 0:00:22]} 34. Rf1 {[%emt 0:03:06]} Qb5 {[%emt 0:01:56]} 35. fxg6 {[%emt 0:09:09]} fxg6 {[%emt 0:01:50]} 36. Qf3 {[%emt 0:00:03]} Rf8 {[%emt 0:00:24]} 37. Ng5 {[%emt 0:00:04]} Kg8 {[%emt 0:01:03]} 38. Ne6 {[%emt 0:00:19]} Rf7 {[%emt 0:00:04]} 39. g4 {[%emt 0:00:21]} hxg4 {[%emt 0:04:44]} 40. Qxg4 {[%emt 0:00:05]} Qe8 {[%emt 0:00:14]} 41. Rf3 {[%emt 0:00:51]} 1-0

[Event "Baltic Zonal III Stage 2018"]
[Site "Liepaja"]
[Date "2018.07.11"]
[Round "4"]
[White "Neiksans, Arturs"]
[Black "Meskovs, Nikita"]
[Result "0-1"]
[WhiteElo "2567"]
[BlackElo "2540"]
[Annotator "TA"]
[PlyCount "132"]
[EventDate "2018.07.09"]
[EventType "swiss"]
[EventCountry "LAT"]
[SourceTitle "playchess.com"]
[Source "ChessBase"]
[SourceQuality "1"]

{[%evp 19,132,34,35,25,63,49,98,95,92,93,91,83,83,83,81,79,77,75,85,78,72,47,38,0,7,14,0,0,0,0,4,4,4,4,4,4,4,0,0,-22,0,0,-13,-50,-54,-145,-133,-204,-194,-188,-198,-218,-205,-226,-233,-233,-233,-233,-233,-233,-231,-225,-187,-195,-182,-243,-229,-252,-181,-257,-177,-359,-340,-321,-293,-293,-293,-312,-209,-290,-245,-286,-240,-387,-383,-463,-454,-446,-274,-388,-276,-794,-794,-794,-779,-742,-747,-672,-651,-760,-445,-756,-610,-968,-930,-1892,-1773,-12841,-12841,-12841,-12545,-12839,-12839,-12846,-12847]} 1. e4 e5 2. Nf3 Nc6 3. d4 exd4 4. Nxd4 Bc5 5. Nb3 Bb6 6. Nc3 Nf6 7. Bg5 h6 8. Bh4 d6 {C45: Scotch Game} 9. f3 g5 10. Bg3 Be6 {LiveBook: 4 Games. White is slightly better.} (10... Qe7 11. Qd2 Bd7 12. h4 Rg8 13. O-O-O O-O-O 14. hxg5 hxg5 15. Rh6 Be6 16. Bb5 Bxb3 17. axb3 {1-0 (41) Navara,D (2726)-Malakhov,V (2691) Antalya 2017}) 11. Bb5 Qe7 $146 ({Predecessor:} 11... O-O 12. Qe2 Nd4 13. Nxd4 Bxd4 14. Qd3 Be5 15. O-O-O c6 16. Bc4 {½-½ (23) Aryan,C (2509)-Zhigalko,S (2625) Moscow 2018}) 12. Qe2 a6 13. Bxc6+ $1 bxc6 14. O-O-O Nh5 15. Bf2 Nf4 16. Qf1 Bxf2 17. Qxf2 Bxb3 18. axb3 Qe5 19. Kb1 Ne6 20. h4 a5 21. hxg5 hxg5 22. Rxh8+ Qxh8 23. g3 Qe5 24. Rf1 Qd4 25. Qe2 Ke7 26. f4 gxf4 27. gxf4 Rg8 $1 28. Qh2 Rg4 29. Ka2 Qe3 {[%cal Rg4f4]} 30. f5 Ng5 $1 31. Qh8 {aiming for Qc8.} Qh3 32. f6+ (32. Qxh3 $15 Nxh3 33. Rh1) 32... Kd7 $17 33. Rh1 (33. Qxh3 $17 Nxh3 34. Rf5) 33... Qxh8 $19 34. Rxh8 {[%mdl 4096] Endgame KRN-KRN} Nf3 $1 ({Not} 34... Nxe4 35. Nxe4 Rxe4 36. Rf8 $15) 35. Rf8 Ne5 36. Ra8 {[#]} Rg2 $1 37. Kb1 {[#]} Rg1+ $1 38. Ka2 Rc1 39. Rxa5 Rxc2 40. Ra7 Rf2 41. Na4 Kc8 42. Ra8+ (42. b4 $142) 42... Kb7 43. Rh8 Rxf6 44. Rh2 (44. b4 $142) 44... Rf1 {...c5 is the strong threat.} 45. Rd2 $2 (45. b4 {was worth a try.}) 45... c5 46. Nc3 Nf3 47. Rg2 Nd4 48. Rh2 Ka6 49. Rg2 Ka5 50. Nd5 Rc1 51. Ne3 (51. Rf2 {was called for.}) 51... Re1 52. Nd5 c6 53. Nc3 Rf1 54. Rh2 (54. Nb1 $142) 54... Kb6 55. Rd2 $2 {[#]} (55. Nb1) 55... Ra1+ $1 {[%mdl 512] Black is clearly winning.} 56. Kxa1 Nxb3+ 57. Kb1 Nxd2+ {KN-KN} 58. Kc2 Nc4 59. Nd1 Kc7 60. Nf2 (60. Nc3 $142) 60... Ne5 61. Kc3 d5 62. exd5 cxd5 {[%cal Bc6d5,Bd5d4][%mdl 32]} 63. b4 d4+ 64. Kb3 c4+ {[%cal Bc5c4,Bc4c3][%mdl 32]} 65. Ka4 f5 66. Ka5 c3 {Precision: White = 40%, Black = 75%.} 0-1